| 000 | 00553nam a2200193Ia 4500 | ||
|---|---|---|---|
| 008 | 260428s9999 xx 000 0 und d | ||
| 020 | _a9789561422087 | ||
| 082 | _a346.083 V494d 2018 | ||
| 100 |
_aVergara Blanco, Alejandro _92088 |
||
| 245 | 0 | _aDerecho de energía: identidad y transformaciones | |
| 260 | _aEdiciones Universidad Católica de Chile | ||
| 260 | _bSantiago, Chile | ||
| 260 | _c2018 | ||
| 300 | _a264p. | ||
| 650 |
_aAspectos Jurídicos _9365 |
||
| 650 |
_aChile _9121 |
||
| 650 |
_aEnergía Eléctrica _935851 |
||
| 942 | _clibro | ||
| 999 |
_c20526 _d20526 |
||